Exposición antológica del Tesoro documental, bibliográfico y arqueológico de España. (Record no. 61596)

MARC details
000 -LEADER
campo de control de longitud fija 00570nam a2200157 i 4500
001 - NÚMERO DE CONTROL
campo de control 61596
003 - IDENTIFICADOR DE NÚMERO DE CONTROL
campo de control ES-MaACL
005 - FECHA Y HORA DE LA ÚLTIMA TRANSACCIÓN
campo de control 20230906164511.0
007 - CAMPO FIJO DE DESCRIPCIÓN FÍSICA--INFORMACIÓN GENERAL
campo de control de longitud fija t|
008 - DATOS DE LONGITUD FIJA--INFORMACIÓN GENERAL
campo de control de longitud fija 031112s1959 sp ||||1| spa d
245 00 - MENCIÓN DEL TÍTULO
Título Exposición antológica del Tesoro documental, bibliográfico y arqueológico de España.
260 ## - PUBLICACIÓN, DISTRIBUCIÓN, ETC.
Lugar de publicación, distribución, etc. Madrid :
Nombre del editor, distribuidor, etc. Dirección General de Archivos y Bibliotecas,
Fecha de publicación, distribución, etc. 1959 (
Lugar de fabricación/manufactura Valencia :
Fabricante Moderna)
300 ## - DESCRIPCIÓN FÍSICA
Extensión 358 p., 119 lám. ;
Dimensiones 24 cm.
710 1# - ENTRADA AGREGADA--NOMBRE DE ENTIDAD CORPORATIVA
Nombre de entidad corporativa o nombre de jurisdicción como elemento de entrada España.
Unidad subordinada Dirección General de Archivos y Bibliotecas.
9 (RLIN) 3701
852 ## - LOCALIZACIÓN
Ubicación ES-MaACL
Número de control de estantería C-51976
Sublocalización o colección R.85668
Holdings
Estatus retirado Estado de pérdida Estado de daño No para préstamo Biblioteca de origen Biblioteca actual Ubicación en estantería Fecha de adquisición Fuente de adquisición Total de préstamos Signatura topográfica completa Código de barras Visto por última vez Precio de reemplazo Tipo de ítem Koha
        Biblioteca del Ateneo de Madrid Biblioteca del Ateneo de Madrid Depósito 2 17/01/2008     C-51976 1064586 23/02/2023 23/02/2023 Libro impreso